000 00386nam a2200145Ia 4500
008 230718s9999 xx 000 0 und d
041 _aEng.
082 _a347.05
_bکیا-م
100 _aکیانی منیر احمد
245 0 _aمجموعہ ضابطہ دیوانی
260 _aPakistan
_bکوثر برادرز لاء بک
_c2001
300 _a560
650 _aLaw
999 _c29646
_d29646